Naruto: Quiz sur les Kage (Difficile) - Statistiques

Statistiques générales
  • Ce quiz a été pris 1 915 fois
  • Le résultat moyen est 7 sur 10
Statistiques - réponses
Question Réponse % Correct
Quel Kage a tué le frère de Madara? Tobirama
92%
Quel Kage a créer la téléportation utilisé par Minato? Tobirama
90%
quel Kage vivant lors de la 4ème grande guerre ninja a deja combattu Madara dans le passé? Onoki
79%
quel Hokage c'est sacrifié pour sauver ces éleves? Tobirama
77%
Quel Kage a ordonné de faire éliminé Sasuke? A
74%
Quel Kage c'est fait manipuler par Genjustsu par l'Akatsuki? Yagura
73%
Quel Kage sait magné le Yoton? Mei
63%
Quel Kage a peur du mariage? Mei
61%
Quel Kage a lu la stelle des Uchiha? Hashirama
35%
Quel c'est fait tués par l'Akatsuki? Gaara
34%
Aucun quiz correspondant
Distribution des résultats
% des personnes avec chaque résultat
Percentile par nombre de réponses
Votre historique - résultats
Vous n’avez pas pris ce quiz